000 00483nam a2200169Ia 4500
003 GCL
008 140319s9999 xx 000 0 ara d
040 _aGCL /
_cGCL
082 0 4 _a813.02
_bف ض
100 1 _aفكرى اباظة
245 1 0 _aالضاحك الباكى /
_cفكرى اباظة
300 _a227 ص ؛
_c20 سم
650 0 4 _aالادب العربى
650 0 4 _aالقصص القصيرة
650 0 4 _aالقصص العربية القصيرة
942 _2ddc
_cBK
999 _c45824
_d45824